| 000 | 00805nam a22001815i 4500 | ||
|---|---|---|---|
| 001 | 155998 | ||
| 003 | ES-MaACL | ||
| 005 | 20230906210303.0 | ||
| 008 | 961106s1892 sp |||| | spa d | ||
| 040 |
_aCLM _bspa _cCLM |
||
| 110 | 0 | 0 |
_aInstituto Provincial de Segunda Enseñanza de Navarra. _95223 |
| 245 | 1 | 0 |
_aMemoria sobre el estado del Instituto Provincial de 2ª Enseñanza de Navarra, durante el curso de 1890 á 1891 / _cpor D. Victor Sainz de Robles. |
| 260 |
_aPamplona : _b[s.n.], _c1892 ( _fImprenta Provincial) |
||
| 300 |
_a77 p. ; _c24 cm. |
||
| 610 | 2 | 4 |
_aInstituto Provincial de Segunda Enseñanza de Navarra- _vMemorias. _9134531 |
| 700 | 1 |
_aSáinz de Robles, Víctor. _9132999 |
|
| 852 |
_aES-MaACL _jT-566-F-10 _z-- Enc. hol., conservando la cub. original _z-- Enc. en un vol. facticio |
||
| 999 |
_c155998 _d155998 |
||